MARC details
| 001 - CONTROL NUMBER |
| control field |
24236173 |
| 003 - CONTROL NUMBER IDENTIFIER |
| control field |
0199338 |
| 005 - DATE AND TIME OF LATEST TRANSACTION |
| control field |
20251016152007.0 |
| 007 - PHYSICAL DESCRIPTION FIXED FIELD--GENERAL INFORMATION |
| fixed length control field |
t| |
| 008 - FIXED-LENGTH DATA ELEMENTS--GENERAL INFORMATION |
| fixed length control field |
250607s2026 flu b 001 0 eng |
| 010 ## - LIBRARY OF CONGRESS CONTROL NUMBER |
| LC control number |
2025010856 |
| 020 ## - INTERNATIONAL STANDARD BOOK NUMBER |
| International Standard Book Number |
9781032274966 |
| 020 ## - INTERNATIONAL STANDARD BOOK NUMBER |
| International Standard Book Number |
9781032274966 |
| 020 ## - INTERNATIONAL STANDARD BOOK NUMBER |
| Cancelled/invalid ISBN |
9781032274966 |
| 035 ## - SYSTEM CONTROL NUMBER |
| System control number |
(DLC)24236173 |
| 040 ## - CATALOGING SOURCE |
| Original cataloging agency |
DLC |
| Language of cataloging |
eng |
| Description conventions |
rda |
| Transcribing agency |
DLC |
| Modifying agency |
DLC |
| -- |
DLC-MRC |
| 042 ## - AUTHENTICATION CODE |
| Authentication code |
pcc |
| 050 00 - LIBRARY OF CONGRESS CALL NUMBER |
| Classification number |
TJ1510 |
| Item number |
.K96 2025 |
| 082 00 - DEWEY DECIMAL CLASSIFICATION NUMBER |
| Classification number |
646.2/044 |
| Edition number |
23/eng/20250612 |
| 245 00 - TITLE STATEMENT |
| Title |
Sewing machines and processes / |
| Statement of responsibility, etc |
edited by Yordan Kyosev. |
| 250 ## - EDITION STATEMENT |
| Edition statement |
First edition. |
| 263 ## - PROJECTED PUBLICATION DATE |
| Projected publication date |
2508 |
| 264 #1 - PUBLICATION, DISTRIBUTION, ETC. (IMPRINT) |
| Place of publication, distribution, etc |
Boca Raton, FL : |
| Name of publisher, distributor, etc |
CRC Press, |
| Date of publication, distribution, etc |
2026. |
| 300 ## - PHYSICAL DESCRIPTION |
| Extent |
x, 316p.: |
| Other physical details |
ill. |
| 336 ## - CONTENT TYPE |
| Content type term |
text |
| Content type code |
txt |
| Source |
rdacontent |
| 337 ## - MEDIA TYPE |
| Media type term |
unmediated |
| Media type code |
n |
| Source |
rdamedia |
| 338 ## - CARRIER TYPE |
| Carrier type term |
volume |
| Carrier type code |
nc |
| Source |
rdacarrier |
| 504 ## - BIBLIOGRAPHY, ETC. NOTE |
| Bibliography, etc |
Includes bibliographical references and index. |
| 520 ## - SUMMARY, ETC. |
| Summary, etc |
"Sewing Machines and Processes presents modern engineering fundamentals of sewing processes and machines for the complete spectrum of sewing stitches. It explores various needle types, properties of sewing threads, material transport, and advances in sewing techniques and technologies. Beginning with an overview of the history of sewing, the book introduces commonly used stitch types - such as lock stitch, chain stitch, overlock-, cover stitches - and their formation processes. It provides a comprehensive understanding of the various factors involved in optimizing machine performance and improving stitch quality, from proper needle and thread selection to the mechanical interactions and forces involved in sewing machine operation. Additional focus is given to embroidery machines, spacer stitching technology, automated sewing stations, and modern equipment for quality control during the sewing process. Readers will also learn how to calculate thread consumption for different stitch classes. The book will interest both researchers and industry professionals working in the apparel industry, textile production/manufacturing, and design assembly processes. It will also benefit graduate students taking courses in Apparel Technology, Sewing Technology, Sewing Processes, and Joining Technology of Textiles"-- Provided by publisher. |
| 650 #0 - SUBJECT ADDED ENTRY--TOPICAL TERM |
| Topical term or geographic name as entry element |
Sewing machines |
| Authority record control number |
http://id.loc.gov/authorities/subjects/sh85120545 |
| 700 1# - ADDED ENTRY--PERSONAL NAME |
| Personal name |
Kyosev, Yordan |
| Relator term |
editor |
| Relator code |
http://id.loc.gov/vocabulary/relators/edt |
| Authority record control number |
http://id.loc.gov/authorities/names/n2004011266 |
| 776 1# - ADDITIONAL PHYSICAL FORM ENTRY |
| Relationship information |
Online version |
| Relationshop code |
http://id.loc.gov/entities/relationships/onlineversion |
| Title |
Sewing machines and processes |
| Place, publisher, and date of publication |
Boca Raton : CRC Press, 2025 |
| International Standard Book Number |
9781003293071 |
| Record control number |
(DLC) 2025010857 |
| 906 ## - LOCAL DATA ELEMENT F, LDF (RLIN) |
| a |
7 |
| b |
cbc |
| c |
orignew |
| d |
1 |
| e |
ecip |
| f |
20 |
| g |
y-gencatlg |
| 942 ## - ADDED ENTRY ELEMENTS (KOHA) |
| Source of classification or shelving scheme |
Library of Congress Classification |
| Koha item type |
Books |